Introduction of nations and some national flags / (Record no. 42254)

MARC details
000 -LEADER
fixed length control field 00711nam a22002057a 4500
005 - DATE AND TIME OF LATEST TRANSACTION
control field 20100817112348.0
010 ## - LCCN (DPL NO)
LC control number ENG-100679
020 ## - INTERNATIONAL STANDARD BOOK NUMBER
International Standard Book Number 8174251138
Terms of availability 75.00
035 ## - SYSTEM CONTROL NUMBER
System control number EN-84212
037 ## - SOURCE OF ACQUISITION
Source of stock number/acquisition DBAD/PUB
082 ## - DEWEY DECIMAL CLASSIFICATION NUMBER
Classification number 929.92
100 ## - MAIN ENTRY--PERSONAL NAME
Personal name Dandekar , Anil
245 ## - TITLE STATEMENT
Title Introduction of nations and some national flags /
Statement of responsibility, etc by Anil Dandekar
260 ## - PUBLICATION, DISTRIBUTION, ETC. (IMPRINT)
Place of publication, distribution, etc Pune
Name of publisher, distributor, etc Utkarsh Prakashan
Date of publication, distribution, etc 200?
270 ## - ADDRESS
Address 701, Deccan Gymkhana
City Pune
Postal code 411004
300 ## - PHYSICAL DESCRIPTION
Extent 100p.
Dimensions 21cm (pbk)
650 ## - SUBJECT ADDED ENTRY--TOPICAL TERM
Topical term or geographic name as entry element National flags
942 ## - ADDED ENTRY ELEMENTS (KOHA)
Source of classification or shelving scheme Dewey Decimal Classification
Item type English Books
Classification part 929.92
Call number suffix DAN
Holdings
Withdrawn status Lost status Not for loan Collection code Home library Current library Date acquired Source of acquisition Cost, normal purchase price Full call number Barcode Copy number Cost, replacement price Koha item type
    Not For Loan Non-fiction D.B.Act.Division D.B.Act.Division 17/08/2010 DBAD/PUB 75.00 929.92 DAN EN-84212 1 75.00 English Books

© Delhi Public Library
Hit Counter
free hit counter